SCH - Choix Multiples - Statistiques

Statistiques générales
  • Ce quiz a été pris 142 fois
  • Le résultat moyen est 9 sur 13
Statistiques - réponses
Question Réponse % Correct
A quel évènement a-t-il participé début octobre 2025 avec PLK et Mister V notamment ? Le GP Explorer
96%
Quelle est l'origine de son grand-père paternel ? Allemande
91%
Dans quelle publicité a-t-il tourné en 2024 ? Uber Eats
91%
Dans quelle ville est-il né ? Marseille
84%
Quel est le nom de son propre label ? Maison Baron Rouge
83%
Comment se nomme son premier album studio ? Anarchie
82%
Comment s'appelle-t-il dans la vraie vie ? Julien Schwarzer
73%
Avec qui chante-t-il "Dernière ligne droite" lors d'un concert à Bercy le 24 mai 2023 ? Laylow
70%
Quel formation a-t-il suivi après l'échec du baccalauréat ? Technicien du froid
69%
En plus d'Éminem et Elton John, quelles sont ses autres influences ? 50 Cent et Joe Dassin
63%
Comment s'appelle sa deuxième Mixtape ? Autobahn
56%
Quelle musique commence par : Il en faut un parce qu'il en manque Avec la rage qui parle au monde, Sur le toit, y a les bleus en planque Un gosse qui tient un Glock " Tempête
55%
Après avoir été la cible d'une fusillade à la Grande Motte, dans quel département a-t-il déménagé dans une maison bourgeoise ? Les Yvelines
30%
Aucun quiz correspondant
Distribution des résultats
% des personnes avec chaque résultat
Percentile par nombre de réponses
Votre historique - résultats
Vous n’avez pas pris ce quiz